| 000 -ლიდერი |
| ფიქსირებული სიგრძის საკონტროლო ველი |
01336nam a22002297a 4500 |
| 003 - საკონტროლო ნომრის იდენტიფიკატორი |
| საკონტროლო ველი |
Ge_BSU |
| 005 - ბოლო ოპერაციის თარიღი და დრო |
| საკონტროლო ველი |
20221019154547.0 |
| 008 - ფიქსირებული სიგრძის მონაცემთა ელემენტები - ზოგადი ინფორმაცია |
| ფიქსირებული სიგრძის საკონტროლო ველი |
221019s2022 ge ||||| |||| 00| 0 geo d |
| 020 ## - წიგნის საერთაშორისო სტანდარტული ნომერი |
| International Standard Book Number |
9789941488474 |
| 041 ## - ენის კოდი |
| Language code of text/sound track or separate title |
geo |
| 080 ## - უნივერსალური ათობითი კლასიფიკაციის ინდექსი |
| Universal Decimal Classification number |
94(479.22) ბ-35 |
| 100 ## - მთავარი ჩანაწერი - პიროვნების სახელი |
| Personal name |
ბაციკაძე, გიორგი |
| 9 (RLIN) |
15371 |
| 245 ## - ცნობა სათაურის შესახებ |
| Title |
ეროვნულ-განმათავისუფლებელი მოძრაობა საქართველოში 20 საუკუნის 70-90 იან წლებში / |
| Statement of responsibility, etc |
გიორგი ბაციკაძე; სამეცნ. ხელმძღვანელი ოთარ გოგოლიშვილი; რედ. ჯემალ კარალიძე, მერაბ მეგრელიშვილი. |
| 264 ## - წარმოების, გამოცემის, დისტრიბუციის და სხვა ცნობები |
| გამოცემის, წარმოების, დისტრიბუციის... ადგილი |
ბათუმი : |
| გამოცემის, წარმოების, დისტრიბუციის... სახელწოდება |
ბსუ, |
| გამოცემის, წარმოების, დისტრიბუციის... თარიღი |
2022. |
| 300 ## - ფიზიკური აღწერა |
| Extent |
130 გვ. ; |
| Other physical details |
20 სმ. |
| 504 ## - BIBLIOGRAPHY, ETC. NOTE |
| Bibliography, etc |
ბიბლიოგრ. გვ. 126-130 |
| 653 ## - INDEX TERM--UNCONTROLLED |
| Uncontrolled term |
ისტორია |
| 700 ## - ADDED ENTRY--PERSONAL NAME |
| Personal name |
გოგოლიშვილი, ოთარ |
| Relator term |
სამეცნ. ხელმძღვანელი |
| 9 (RLIN) |
15372 |
| 700 ## - ADDED ENTRY--PERSONAL NAME |
| Personal name |
კარალიძე, ჯემალ |
| Relator term |
რედაქტორი |
| 9 (RLIN) |
4089 |
| 700 ## - ADDED ENTRY--PERSONAL NAME |
| Personal name |
მეგრელიშვილი, მერაბ |
| Relator term |
რედაქტორი |
| 9 (RLIN) |
15373 |
| 942 ## - ADDED ENTRY ELEMENTS (KOHA) |
| Source of classification or shelving scheme |
|
| Koha item type |
წიგნი |